000 00938cab a2200205 4500
001 ##L132746
008 060306n2006 000 0 eng u
035 _a(Sirsi) u132746
041 0 _aeng
100 1 _aNeale, Jon
245 0 0 _aFocus 1
_b East Midlands
260 _c2006
490 0 _aEstates Gazette
_v(0608) 25 February 2006, 83-105(9)
520 _aCovers the very low level of take-up of industrial property in Derby, Leicester and Nottingham and the supply of industrial and distribution space in Northamptonshire keeping up with occupiers' demands. Reports on the Golden Triangle (northern and eastern sectors of the region) as the star of the East Midlands industrial market even though there is a lack of sites. Offers a profile of developers Rosemound.
590 _aIKA140306
690 _aPROPERTY-COMMERCIAL PROPERTY-COMMERCIAL PROPERTY MARKET
700 1 _aJack, Simon
700 1 _aHalstead, Ian
942 _n0
999 _c76598
_d76598